| 000 | 00652nam a2200217Ia 4500 | ||
|---|---|---|---|
| 005 | 20241129104207.0 | ||
| 008 | 241129s9999||||xx |||||||||||||| ||und|| | ||
| 020 | _a9780745340968 | ||
| 037 | _aTextual | ||
| 040 |
_aRTL _beng _cRTL |
||
| 041 |
_aeng _2eng |
||
| 084 |
_aX:3M24xM18:g(Y:1) R2 _qRTL |
||
| 100 |
_aChanan Michael _9725184 |
||
| 245 | 0 |
_aFrom printing to streaming: Cultural production under capitalism _cChanan Michael |
|
| 260 |
_aLondon _bPluto Press _c2022 |
||
| 300 | _axix,240p. | ||
| 365 |
_aINR _b2020.18 |
||
| 650 | _aMedia Studies | ||
| 942 |
_cTB _hX:3M24xM18:g(Y:1) R2 |
||
| 999 |
_c1224822 _d1224822 |
||